[Event "10e Open de Saint-Chély d'Aubrac"]
[Site "Saint-Chély d'Aubrac"]
[Date "2010.07.12"]
[Round "3.28"]
[White "Souttre, Matthieu"]
[Black "Pierron, Baptiste"]
[Result "1-0"]
[WhiteElo "1550"]
[BlackElo "1400"]
[PlyCount "105"]
[EventDate "2010.??.??"]

1. d4 d5 2. c4 e6 3. Nc3 Bb4 4. Bd2 c5 5. e3 Nf6 6. Nf3 Nc6 7. a3 Bxc3 8. Bxc3
b6 9. cxd5 exd5 10. Bb5 Bd7 11. dxc5 bxc5 12. Bxf6 Qxf6 13. Qc2 Qd6 14. O-O Rb8
15. a4 d4 16. exd4 cxd4 17. Rfd1 O-O 18. Bxc6 Bxc6 19. Nxd4 Rbc8 20. Nxc6 Rxc6
21. Rxd6 Rxc2 22. Ra6 Rfc8 23. g3 Rxb2 24. Rxa7 g6 25. a5 Kg7 26. a6 Rbb8 27.
Kg2 Kh6 28. Rxf7 Ra8 29. Rb7 Rcb8 30. Rxb8 Rxb8 31. Kf3 Kg7 32. a7 Ra8 33. Ke4
Kf8 34. Kd5 Ke8 35. Kc6 Rc8+ 36. Kb7 Rd8 37. a8=Q Rxa8 38. Rxa8+ Kd7 39. Rh8 h5
40. Rh6 h4 41. Rxh4 g5 42. Rg4 Ke7 43. Rxg5 Kf6 44. h4 Kf7 45. h5 Kf6 46. f4
Kf7 47. h6 Kf6 48. h7 Kf7 49. h8=Q Ke7 50. Qh6 Kf7 51. Rg7+ Kf8 52. Qh7 Ke8 53.
Qh8# 1-0

[Event "10e Open de Saint-Chély d'Aubrac"]
[Site "Saint-Chély d'Aubrac"]
[Date "2010.07.12"]
[Round "3.29"]
[White "Rateau, Cyprien"]
[Black "Faraill, Sebastien"]
[Result "1/2-1/2"]
[WhiteElo "1360"]
[BlackElo "1516"]
[PlyCount "46"]
[EventDate "2010.??.??"]

1. d4 c5 2. Nf3 cxd4 3. Nxd4 Nf6 4. Bf4 d6 5. Nf3 Nc6 6. Nc3 e5 7. Bg5 Be6 8.
e4 Be7 9. Bb5 O-O 10. O-O Bg4 11. Be2 a6 12. h3 Bh5 13. Bxf6 Bxf6 14. Nd5 Bg6
15. Nd2 Bg5 16. f3 Rc8 17. c3 Ne7 18. Bc4 Nxd5 19. Bxd5 Qb6+ 20. Kh1 Qxb2 21.
Nc4 Qxc3 22. Nxd6 Rc7 23. Nxb7 Qe3 1/2-1/2

[Event "10e Open de Saint-Chély d'Aubrac"]
[Site "Saint-Chély d'Aubrac"]
[Date "2010.07.12"]
[Round "3.30"]
[White "Meyer, Bernard"]
[Black "Degraeve, Remy"]
[Result "1-0"]
[WhiteElo "1490"]
[BlackElo "1320"]
[PlyCount "57"]
[EventDate "2010.??.??"]

1. e4 e5 2. Nf3 Nc6 3. Bc4 Bc5 4. O-O d6 5. h3 Bd7 6. Nc3 Nf6 7. d3 Qe7 8. Bg5
h6 9. Bxf6 Qxf6 10. Nd5 Qg6 11. Kh1 O-O-O 12. Bb5 Qh5 13. Nh2 Qh4 14. Qf3 a6
15. Bxc6 bxc6 16. Ne3 f6 17. a3 Rdf8 18. Nf5 Bxf5 19. exf5 d5 20. b4 Bd6 21.
Rac1 e4 22. dxe4 dxe4 23. Qe2 Bxh2 24. Kxh2 Kd7 25. Rcd1+ Ke7 26. f3 Qf4+ 27.
Kg1 Kf7 28. Qc4+ Ke8 29. Qe6# 1-0

[Event "10e Open de Saint-Chély d'Aubrac"]
[Site "Saint-Chély d'Aubrac"]
[Date "2010.07.12"]
[Round "3.31"]
[White "Grange, Julien"]
[Black "Bou, Georges"]
[Result "1-0"]
[WhiteElo "1280"]
[BlackElo "1473"]
[PlyCount "97"]
[EventDate "2010.??.??"]

1. e4 e6 2. d4 d5 3. exd5 exd5 4. Nf3 Nc6 5. Bb5 Bd7 6. O-O Nge7 7. Nc3 a6 8.
Bxc6 Bxc6 9. Bf4 Ng6 10. Qd2 Be7 11. Qe3 O-O 12. Ne5 Nxe5 13. Qxe5 Bd6 14. Qg5
f6 15. Qf5 Bd7 16. Qxd5+ Rf7 17. Bxd6 cxd6 18. Qxd6 Rc8 19. d5 Rc4 20. Rfe1 Rg4
21. Re6 Rf8 22. Rae1 Rg6 23. Ne4 Bxe6 24. Qxd8 Rxd8 25. dxe6 Re8 26. Nd6 Kf8
27. Nxe8 Kxe8 28. f4 f5 29. c4 b6 30. b4 Ke7 31. a4 Rxe6 32. Rxe6+ Kxe6 33. Kf2
Kd6 34. Ke3 Kc6 35. Kd4 Kd6 36. c5+ bxc5+ 37. bxc5+ Kc6 38. Kc4 a5 39. g3 g6
40. h4 h6 41. Kd4 Kc7 42. Kd5 Kd7 43. c6+ Kc7 44. Kc5 Kc8 45. Kd6 Kd8 46. c7+
Kc8 47. Kc6 g5 48. fxg5 f4 49. gxh6 1-0

[Event "10e Open de Saint-Chély d'Aubrac"]
[Site "Saint-Chély d'Aubrac"]
[Date "2010.07.12"]
[Round "4.1"]
[White "Degraeve, Jean-Marc"]
[Black "Sanduleac, Vasile"]
[Result "1/2-1/2"]
[WhiteElo "2569"]
[BlackElo "2451"]
[PlyCount "57"]
[EventDate "2010.??.??"]

1. e4 c6 2. d4 d5 3. exd5 cxd5 4. c4 Nf6 5. Nc3 e6 6. Nf3 Bb4 7. Bd3 Nc6 8. O-O
dxc4 9. Bxc4 O-O 10. Bg5 Be7 11. Re1 Bd7 12. Qe2 h6 13. Bh4 Nd5 14. Bg3 Bb4 15.
Rac1 Rc8 16. Bd3 Qa5 17. Bb1 Nce7 18. Ne5 Bc6 19. Nxc6 Rxc6 20. Qd3 Nf5 21.
Nxd5 Qxd5 22. Rxc6 bxc6 23. Rc1 Rd8 24. Bc7 Rd7 25. Be5 Bd6 26. Qe2 Nxd4 27.
Bxd4 Qxd4 28. Rxc6 Rc7 29. Rxc7 1/2-1/2

[Event "10e Open de Saint-Chély d'Aubrac"]
[Site "Saint-Chély d'Aubrac"]
[Date "2010.07.12"]
[Round "4.2"]
[White "Massoni, Michael"]
[Black "Apicella, Manuel"]
[Result "1/2-1/2"]
[WhiteElo "2308"]
[BlackElo "2529"]
[PlyCount "121"]
[EventDate "2010.??.??"]

1. e4 e6 2. d4 d5 3. Nc3 Bb4 4. e5 Ne7 5. Bd2 b6 6. Nf3 Ba6 7. Bxa6 Nxa6 8. Ne2
Bxd2+ 9. Qxd2 c5 10. O-O O-O 11. c3 Nc6 12. Qd3 c4 13. Qe3 b5 14. a3 Nc7 15.
Nf4 a5 16. Nh5 Kh8 17. Qf4 Ne7 18. Ng5 f6 19. exf6 gxf6 20. Nf3 Ng6 21. Qg3 Qd7
22. Nh4 Nxh4 23. Qxh4 Qf7 24. Rae1 Qg6 25. Re3 Rf7 26. Rfe1 Raf8 27. Nf4 Qg5
28. Qg3 b4 29. Nxe6 Nxe6 30. Rxe6 bxa3 31. bxa3 Qxg3 32. hxg3 Rb7 33. Ra6 Rb3
34. Rxa5 Rxc3 35. Rxd5 Rxa3 36. Rc5 c3 37. Re7 Rd8 38. Rcc7 h5 39. d5 Raa8 40.
Rh7+ Kg8 41. Rxh5 Ra1+ 42. Kh2 Ra2 43. Rf5 c2 44. Rxf6 Rxd5 45. g4 Rd1 46. Rb6
Rb1 47. Rxc2 Rxc2 48. Rxb1 Rxf2 49. Rb7 Ra2 50. Kh3 Rc2 51. g3 Rc3 52. Kh4 Ra3
53. g5 Rc3 54. Kh5 Rc6 55. g4 Ra6 56. g6 Ra1 57. g7 Ra5+ 58. g5 Ra1 59. Kh6
Ra6+ 60. g6 Rxg6+ 61. Kxg6 1/2-1/2

[Event "10e Open de Saint-Chély d'Aubrac"]
[Site "Saint-Chély d'Aubrac"]
[Date "2010.07.12"]
[Round "4.3"]
[White "Riff, Jean-Noel"]
[Black "Richard, Emma"]
[Result "1-0"]
[WhiteElo "2500"]
[BlackElo "2100"]
[PlyCount "53"]
[EventDate "2010.??.??"]

1. e4 c5 2. c3 d6 3. Nf3 Nc6 4. d4 Nf6 5. Be2 e6 6. Nbd2 Be7 7. O-O O-O 8. Re1
e5 9. dxc5 dxc5 10. Bb5 Bd7 11. a4 Qc7 12. Nf1 a6 13. Bd3 Rad8 14. Qe2 Nh5 15.
Bc2 Qd6 16. Ng3 Nxg3 17. hxg3 Bg4 18. Be3 Na5 19. Qf1 Qe6 20. Nd2 Qg6 21. f3
Bg5 22. Qf2 Bxe3 23. Qxe3 Be6 24. f4 exf4 25. gxf4 Nc4 26. Nxc4 Bxc4 27. b3 1-0

[Event "10e Open de Saint-Chély d'Aubrac"]
[Site "Saint-Chély d'Aubrac"]
[Date "2010.07.12"]
[Round "4.4"]
[White "Muller, Anne"]
[Black "Villegas, Pierre"]
[Result "1/2-1/2"]
[WhiteElo "2184"]
[BlackElo "2244"]
[PlyCount "54"]
[EventDate "2010.??.??"]

1. e4 c6 2. c4 d5 3. exd5 cxd5 4. cxd5 Nf6 5. Nc3 Nxd5 6. Nf3 Nc6 7. Bb5 e6 8.
d4 Be7 9. O-O O-O 10. Re1 Bd7 11. a3 Rc8 12. Bd3 Qb6 13. Bc2 Rfd8 14. Qd3 g6
15. Ne4 Ncb4 16. axb4 Nxb4 17. Qd2 Nxc2 18. Qh6 f6 19. Bg5 Rf8 20. Ne5 fxg5 21.
Nxd7 Qxd4 22. Rad1 Nxe1 23. Rxd4 Rc1 24. g3 Nf3+ 25. Kg2 Rg1+ 26. Kh3 Rh1 27.
Kg2 Rg1+ 1/2-1/2

[Event "10e Open de Saint-Chély d'Aubrac"]
[Site "Saint-Chély d'Aubrac"]
[Date "2010.07.12"]
[Round "4.5"]
[White "Muheim, Sebastien"]
[Black "Moingt, Jean-Claude"]
[Result "1/2-1/2"]
[WhiteElo "2112"]
[BlackElo "2290"]
[PlyCount "75"]
[EventDate "2010.??.??"]

1. d4 Nf6 2. c4 c5 3. d5 b5 4. cxb5 a6 5. f3 axb5 6. e4 Qa5+ 7. Bd2 b4 8. Na3
d6 9. Nc4 Qa7 10. Bg5 Nbd7 11. Bd3 g6 12. f4 Ba6 13. Qe2 Bg7 14. Nf3 O-O 15.
O-O Nb6 16. Nfd2 Rfe8 17. Nxb6 Bxd3 18. Qxd3 Qxb6 19. Nc4 Qb7 20. Bxf6 Bxf6 21.
e5 Bg7 22. exd6 exd6 23. Nxd6 Qa7 24. Qd2 Red8 25. Ne4 f5 26. Ng5 Bd4+ 27. Kh1
Rxd5 28. Qe2 Qd7 29. a3 bxa3 30. Rxa3 Rb8 31. Ra7 Qxa7 32. Qe6+ Kh8 33. Qxd5
Qb7 34. Qe6 Qb3 35. Qe7 Qb7 36. Qe6 Qb3 37. Qe7 Qb7 38. Qe6 1/2-1/2

[Event "10e Open de Saint-Chély d'Aubrac"]
[Site "Saint-Chély d'Aubrac"]
[Date "2010.07.12"]
[Round "4.6"]
[White "Mullon, Jean-Baptiste"]
[Black "Luciani, Thibault"]
[Result "1-0"]
[WhiteElo "2442"]
[BlackElo "1887"]
[PlyCount "107"]
[EventDate "2010.??.??"]

1. e4 c5 2. Nf3 Nc6 3. Bb5 d6 4. O-O e5 5. c3 Bd7 6. d4 cxd4 7. cxd4 Nf6 8. Nc3
Be7 9. Bg5 O-O 10. dxe5 Nxe5 11. Bxd7 Nxf3+ 12. Qxf3 Nxd7 13. Bf4 Ne5 14. Qg3
Ng6 15. Rad1 Nxf4 16. Qxf4 f6 17. Rd3 Re8 18. Rfd1 Rc8 19. Qf5 Rc6 20. Rh3 g6
21. Qe6+ Kg7 22. Qb3 Qd7 23. Nd5 Rec8 24. Qe3 Bd8 25. Qh6+ Kg8 26. Rf3 Qg7 27.
Qe3 b6 28. h4 h6 29. Nf4 Kh8 30. Ne6 Qh7 31. h5 g5 32. Nxd8 Rxd8 33. Rxf6 Qg7
34. Rg6 Qf8 35. e5 Rc7 36. exd6 Rcd7 37. Qe5+ Kh7 38. Rf6 Qg7 39. b4 a6 40. a4
Rf7 41. Qf5+ Kg8 42. Rxf7 Qxf7 43. Qe5 Qxh5 44. Qe6+ Qf7 45. Qxh6 Qf5 46. d7
Rxd7 47. Rxd7 Qxd7 48. Qxg5+ Kh8 49. Qe5+ Kg8 50. a5 bxa5 51. bxa5 Qb7 52. g4
Qc8 53. Kg2 Qc6+ 54. f3 1-0

[Event "10e Open de Saint-Chély d'Aubrac"]
[Site "Saint-Chély d'Aubrac"]
[Date "2010.07.12"]
[Round "4.7"]
[White "Saucey, Michel"]
[Black "Bigonnet, Jean-Michel"]
[Result "1-0"]
[WhiteElo "2306"]
[BlackElo "1925"]
[PlyCount "47"]
[EventDate "2010.??.??"]

1. d4 Nf6 2. Nf3 c5 3. d5 b5 4. c4 bxc4 5. Nc3 g6 6. e4 d6 7. Bxc4 Bg7 8. e5
Ng4 9. e6 fxe6 10. Ng5 e5 11. Ne6 Bxe6 12. dxe6 Nf6 13. Bd5 Nxd5 14. Qxd5 Nd7
15. exd7+ Kxd7 16. O-O e6 17. Qd3 Qb6 18. Be3 Rac8 19. Rac1 Ke7 20. Rfd1 Rc6
21. Ne4 Rhc8 22. b4 Qxb4 23. Nxd6 R8c7 24. Nb5 (24. Nb5 Rb7 25. Bxc5+ Rxc5 26.
Qd8+ Kf7 27. Nd6#) 1-0

[Event "10e Open de Saint-Chély d'Aubrac"]
[Site "Saint-Chély d'Aubrac"]
[Date "2010.07.12"]
[Round "4.8"]
[White "Nass, Emile"]
[Black "Mourgues, Joelle"]
[Result "1-0"]
[WhiteElo "2248"]
[BlackElo "1797"]
[PlyCount "95"]
[EventDate "2010.??.??"]

1. d4 Nf6 2. c4 e6 3. g3 d6 4. Bg2 Be7 5. Nf3 Nbd7 6. O-O O-O 7. Nc3 c6 8. e4
e5 9. h3 Qc7 10. Be3 Re8 11. Nh4 exd4 12. Bxd4 Ne5 13. b3 Ng6 14. Nf5 Bxf5 15.
exf5 Ne5 16. f4 Ned7 17. g4 g6 18. g5 Nh5 19. Qf3 Qa5 20. f6 Bd8 21. Ne4 Bb6
22. Bxb6 Qxb6+ 23. Kh2 d5 24. Nd6 Re3 25. Qg4 Nc5 26. Nf5 Re6 27. cxd5 Ree8 28.
dxc6 bxc6 29. Ne7+ Kf8 30. Bxc6 Rad8 31. Bd5 Rd6 32. Rad1 Ne6 33. Bxe6 Rxd1 34.
Qxd1 Qxe6 35. Qd2 Qb6 36. Qf2 Qc7 37. Kg1 Rd8 38. Qe3 Qd6 39. Rf2 Qd4 40. Qxd4
Rxd4 41. f5 Ng3 42. Kg2 Ne4 43. Rc2 Ke8 44. fxg6 hxg6 45. h4 Kd7 46. Nc6 Rd2+
47. Rxd2+ Nxd2 48. Nxa7 1-0

[Event "10e Open de Saint-Chély d'Aubrac"]
[Site "Saint-Chély d'Aubrac"]
[Date "2010.07.12"]
[Round "4.9"]
[White "Pieri, Pierre-Louis"]
[Black "Van Hoolandt, Patrick"]
[Result "1-0"]
[WhiteElo "1943"]
[BlackElo "2171"]
[PlyCount "141"]
[EventDate "2010.??.??"]

1. e4 e5 2. Nf3 Nc6 3. Bb5 Nf6 4. O-O Nxe4 5. d4 Nd6 6. dxe5 Nxb5 7. a4 Nbd4 8.
Nxd4 Nxd4 9. Qxd4 d5 10. Nc3 c6 11. Ne2 Bf5 12. Ng3 Qd7 13. c3 h5 14. Bg5 Be6
15. Qh4 g6 16. Bf6 Be7 17. a5 Bxf6 18. Qxf6 Rh7 19. f4 Qe7 20. f5 Qxf6 21. exf6
gxf5 22. Nxf5 O-O-O 23. Ng7 Kd7 24. Rae1 Rh6 25. h4 Rdh8 26. Re5 Rg6 27. Nxe6
fxe6 28. Rg5 Rgg8 29. Rg7+ Kc8 30. Rf3 Rf8 {(=)} 31. Re7 Re8 32. a6 bxa6 33.
Rxa7 Kb8 34. Rg7 Rhf8 35. Rh7 e5 36. Rxh5 e4 37. Rf1 e3 38. Rhf5 Re6 39. g4 e2
40. Re1 Re4 41. g5 Rxh4 42. Rxe2 Kc7 43. Kg2 Kd6 44. Kg3 Rh5 45. f7 Rh7 46. g6
Rg7 47. Rf6+ Kc5 48. Kh4 Rxg6 49. Rxg6 Rxf7 50. Ree6 Rc7 51. Kg4 a5 52. Kf4 a4
53. Ke3 Rc8 54. Kd3 Rc7 55. Ref6 Kb5 56. Rg4 Ra7 57. Rff4 c5 58. c4+ dxc4+ 59.
Rxc4 a3 60. bxa3 Rxa3+ 61. Kc2 Rh3 62. Rc3 Rh2+ 63. Kb3 Rh5 64. Rg8 Rf5 65.
Rb8+ Kc6 66. Ka4 Rf4+ 67. Ka5 Rf5 68. Rc4 Rf1 69. Rc8+ Kd6 70. R8xc5 Ra1+ 71.
Kb6 1-0

[Event "10e Open de Saint-Chély d'Aubrac"]
[Site "Saint-Chély d'Aubrac"]
[Date "2010.07.12"]
[Round "4.10"]
[White "Lagunes, Jean-Renaud"]
[Black "Vincenti, Francois-Xavier"]
[Result "0-1"]
[WhiteElo "2074"]
[BlackElo "1848"]
[PlyCount "80"]
[EventDate "2010.??.??"]

1. e4 e6 2. d4 d5 3. Nc3 Nf6 4. Bg5 Be7 5. e5 Nfd7 6. h4 c5 7. Nf3 Nc6 8. Bxe7
Kxe7 9. Qd2 Kf8 10. Qf4 cxd4 11. Nxd4 Ndxe5 12. O-O-O Qf6 13. Qd2 a6 14. f4 Ng4
15. Nb3 b5 16. Nc5 Qe7 17. Nd3 Bb7 18. h5 d4 19. Ne4 Ne3 20. Re1 Na5 21. Qxa5
Bxe4 22. Rh2 f6 23. Qb6 Rd8 24. g3 Kf7 25. h6 g6 26. Rf2 Rd6 27. Qc5 Rhd8 28.
Qa3 Rc8 29. Kb1 Qc7 30. Ne5+ Kg8 31. Bd3 Bxd3 32. Nxd3 Nxc2 33. Rxc2 Qxc2+ 34.
Ka1 Rdc6 35. Rb1 b4 36. Qxb4 Qxd3 37. a3 R6c7 38. Qd6 Qc4 39. Re1 Qd5 40. Qxa6
Rc1+ 0-1

[Event "10e Open de Saint-Chély d'Aubrac"]
[Site "Saint-Chély d'Aubrac"]
[Date "2010.07.12"]
[Round "4.11"]
[White "Huin, Eric"]
[Black "Husson, Cybele"]
[Result "1/2-1/2"]
[WhiteElo "1887"]
[BlackElo "2040"]
[PlyCount "37"]
[EventDate "2010.??.??"]

1. e4 Nf6 2. e5 Nd5 3. Nf3 d6 4. d4 dxe5 5. dxe5 c6 6. Be2 e6 7. O-O Be7 8. a3
O-O 9. c4 Nb6 10. Nc3 Qxd1 11. Rxd1 f6 12. exf6 gxf6 13. Bh6 Re8 14. Ne4 N8d7
15. Be3 Nf8 16. Nd6 Rd8 17. Bxb6 axb6 18. Nxc8 Raxc8 19. Rxd8 1/2-1/2

[Event "10e Open de Saint-Chély d'Aubrac"]
[Site "Saint-Chély d'Aubrac"]
[Date "2010.07.12"]
[Round "4.12"]
[White "Messinger, Karl"]
[Black "Batteux, Mickael"]
[Result "1/2-1/2"]
[WhiteElo "1870"]
[BlackElo "2003"]
[PlyCount "78"]
[EventDate "2010.??.??"]

1. e4 d5 2. exd5 Nf6 3. d4 Bg4 4. Be2 Bxe2 5. Nxe2 Qxd5 6. O-O Nc6 7. b3 O-O-O
8. c4 Qh5 9. Bb2 e6 10. Na3 Bd6 11. Ng3 Qxd1 12. Rfxd1 Bxa3 13. Bxa3 Rxd4 14.
Rxd4 Nxd4 15. Rd1 Rd8 16. Kf1 Nf5 17. Rxd8+ Kxd8 18. Nxf5 exf5 19. Bb2 Ke7 20.
Ke2 g6 21. Bxf6+ Kxf6 22. f4 Ke6 23. b4 Kd6 24. Kd3 c5 25. b5 f6 26. Kd2 Ke6
27. Ke2 g5 28. g3 Kf7 29. Kf3 Kg6 30. Kg2 Kf7 31. Kf3 Ke6 32. Ke2 Kd6 33. Kd2
Kc7 34. Kc3 h6 35. h3 Kd6 36. Kd2 Ke6 37. Ke2 Kf7 38. Kf2 Kg6 39. Kg2 Kh5
1/2-1/2

[Event "10e Open de Saint-Chély d'Aubrac"]
[Site "Saint-Chély d'Aubrac"]
[Date "2010.07.12"]
[Round "4.13"]
[White "Geronimi, Pierre-Francois"]
[Black "Devoille, Hugo"]
[Result "1-0"]
[WhiteElo "1974"]
[BlackElo "1746"]
[PlyCount "43"]
[EventDate "2010.??.??"]

1. e4 c5 2. Nf3 e6 3. d4 cxd4 4. Nxd4 Nc6 5. Nxc6 bxc6 6. Bd3 Qc7 7. O-O d5 8.
Qe2 Nf6 9. Nd2 Be7 10. b3 O-O 11. Bb2 Bb7 12. Rae1 Rfd8 13. Kh1 c5 14. exd5
Nxd5 15. Qh5 h6 16. Ne4 Rac8 17. f4 Bf8 18. Ng5 Nxf4 19. Qxh6 Bxg2+ 20. Kg1
Nh3+ 21. Kxg2 Qc6+ 22. Rf3 1-0

[Event "10e Open de Saint-Chély d'Aubrac"]
[Site "Saint-Chély d'Aubrac"]
[Date "2010.07.12"]
[Round "4.14"]
[White "Saucey, Capucine"]
[Black "Viennot, Dylan"]
[Result "1/2-1/2"]
[WhiteElo "1828"]
[BlackElo "1969"]
[PlyCount "45"]
[EventDate "2010.??.??"]

1. e4 e6 2. d4 d5 3. Nd2 Be7 4. Ngf3 Nf6 5. e5 Nfd7 6. Bd3 c5 7. c3 Nc6 8. O-O
O-O 9. Bb5 Qb6 10. a4 cxd4 11. Bxc6 bxc6 12. cxd4 Ba6 13. Re1 c5 14. Nb3 Rab8
15. Re3 Bc4 16. Nbd2 Ba6 17. Rb3 Qc7 18. Rxb8 Nxb8 19. Nb3 Nd7 20. Nxc5 Bxc5
21. dxc5 Qxc5 22. Be3 Qe7 23. Rc1 1/2-1/2

[Event "10e Open de Saint-Chély d'Aubrac"]
[Site "Saint-Chély d'Aubrac"]
[Date "2010.07.12"]
[Round "4.15"]
[White "Tassetti, Florent"]
[Black "Duffau, Pascal"]
[Result "0-1"]
[WhiteElo "1676"]
[BlackElo "2034"]
[PlyCount "78"]
[EventDate "2010.??.??"]

1. Nf3 Nf6 2. c4 e6 3. g3 b6 4. Bg2 Bb7 5. Nc3 Be7 6. O-O O-O 7. d4 d5 8. cxd5
exd5 9. Qc2 Na6 10. a3 c5 11. Rd1 Qc8 12. Bf4 h6 13. Rac1 Re8 14. Nb5 Qe6 15.
h4 Ne4 16. Nd2 g5 17. hxg5 hxg5 18. Be3 Nxg3 19. Nf3 Ne4 20. Nc3 Nxc3 21. Qxc3
f6 22. Qd3 Kg7 23. Nh2 Bd6 24. dxc5 Nxc5 25. Bxc5 Bxc5 26. e3 Rad8 27. b4 Bd6
28. Nf3 Rh8 29. Nd4 Qe5 30. Nf5+ Kf7 31. Nxd6+ Qxd6 32. Qf5 Rd7 33. Kf1 Qe6 34.
Qd3 Rh4 35. Rc3 f5 36. Rdc1 Rc4 37. Rxc4 dxc4 38. Qxc4 Qxc4+ 39. Rxc4 Ba6 0-1

[Event "10e Open de Saint-Chély d'Aubrac"]
[Site "Saint-Chély d'Aubrac"]
[Date "2010.07.12"]
[Round "4.16"]
[White "Carno, Matthias"]
[Black "Neff, Thomas"]
[Result "1-0"]
[WhiteElo "1925"]
[BlackElo "1660"]
[PlyCount "47"]
[EventDate "2010.??.??"]

1. e4 e5 2. d4 exd4 3. c3 dxc3 4. Bc4 cxb2 5. Bxb2 Nc6 6. f4 Bb4+ 7. Nc3 d6 8.
Qb3 Bxc3+ 9. Bxc3 Nf6 10. Bxf7+ Kf8 11. O-O-O Qe7 12. Bd5 Nxd5 13. exd5 Nd8 14.
Re1 Qf7 15. Ne2 b6 16. Nd4 Bb7 17. Ne6+ Nxe6 18. dxe6 Qe7 19. Rhf1 Rg8 20. f5
Qg5+ 21. Bd2 Qxg2 22. e7+ Ke8 23. Qxg8+ Kd7 24. e8=Q+ 1-0

[Event "10e Open de Saint-Chély d'Aubrac"]
[Site "Saint-Chély d'Aubrac"]
[Date "2010.07.12"]
[Round "4.17"]
[White "Lavanchy, Marc-Henri"]
[Black "Ferrer, Lauriane"]
[Result "1-0"]
[WhiteElo "1912"]
[BlackElo "1650"]
[PlyCount "21"]
[EventDate "2010.??.??"]

1. c4 e6 2. Nf3 Nf6 3. g3 d5 4. d4 c5 5. cxd5 Nxd5 6. Bg2 Nc6 7. O-O Bd6 8. e4
Nde7 9. dxc5 Bxc5 10. Qc2 O-O 11. Qxc5 1-0

[Event "10e Open de Saint-Chély d'Aubrac"]
[Site "Saint-Chély d'Aubrac"]
[Date "2010.07.12"]
[Round "4.18"]
[White "Grange, Emmanuel"]
[Black "Herrero, Alain"]
[Result "1/2-1/2"]
[WhiteElo "1460"]
[BlackElo "1762"]
[PlyCount "102"]
[EventDate "2010.??.??"]

1. e4 c5 2. c3 d5 3. e5 Nc6 4. d4 cxd4 5. cxd4 Qb6 6. Nf3 Bg4 7. Nc3 e6 8. Na4
Qa5+ 9. Bd2 Bb4 10. Nc5 Rb8 11. Nb3 Bxd2+ 12. Nfxd2 Bxd1 13. Nxa5 Ba4 14. Ndb3
Bxb3 15. Nxb3 Nge7 16. Bd3 O-O 17. Kd2 f6 18. exf6 Rxf6 19. f3 Re8 20. Rac1 Nf5
21. Bxf5 exf5 22. Rce1 Rfe6 23. a3 b6 24. Rxe6 Rxe6 25. Re1 Kf7 26. Rxe6 Kxe6
27. f4 h6 28. Ke3 g5 29. h3 Kf6 30. Kf3 Nd8 31. g3 Ne6 32. Ke3 h5 33. h4 gxf4+
34. gxf4 Nf8 35. Kf3 Ng6 36. Kg3 Ke6 37. Nc1 Kd6 38. b4 Kc6 39. a4 a6 40. Nd3
Kd6 41. Ne5 Ne7 42. b5 axb5 43. axb5 Ke6 44. Kf3 Nc8 45. Nc6 Nd6 46. Na7 Kd7
47. Ke3 Kc7 48. Kd3 Ne8 (48... Kb7 49. Nc6 Nxb5 50. Ne7 Nc7 51. Nxf5) 49. Nc6
Ng7 50. Ne7 Kd6 51. Nc8+ Kc7 1/2-1/2

[Event "10e Open de Saint-Chély d'Aubrac"]
[Site "Saint-Chély d'Aubrac"]
[Date "2010.07.12"]
[Round "4.19"]
[White "Griggio, Jean-Paul"]
[Black "Levy, Nicolas"]
[Result "1-0"]
[WhiteElo "1788"]
[BlackElo "1610"]
[PlyCount "71"]
[EventDate "2010.??.??"]

1. d4 Nf6 2. Nf3 g6 3. c4 c5 4. dxc5 e6 5. Nc3 Bxc5 6. e3 O-O 7. Be2 Nc6 8. O-O
d6 9. a3 a5 10. e4 Qb6 11. h3 Nd4 12. Bd3 Nxf3+ 13. Qxf3 Bd4 14. Nb5 Bd7 15.
Nxd4 Qxd4 16. Bg5 Ne8 17. Be7 Qxb2 18. Rfb1 Qc3 19. Qe3 Nc7 20. Bxf8 Kxf8 21.
Rc1 Qb2 22. Bf1 Qe5 23. f3 Qc5 24. Qxc5 dxc5 25. Rd1 Ba4 26. Rd2 b5 27. Rd7 Rc8
28. Rd6 bxc4 29. Bxc4 Ke7 30. Rd2 Bb5 31. Rc1 Bxc4 32. Rxc4 Nb5 33. Rd3 Nd6 34.
Rc2 c4 35. Rdc3 Kd7 36. e5 1-0

[Event "10e Open de Saint-Chély d'Aubrac"]
[Site "Saint-Chély d'Aubrac"]
[Date "2010.07.12"]
[Round "4.20"]
[White "Moulie, Patrick"]
[Black "Balducchi, Francois"]
[Result "0-1"]
[WhiteElo "1639"]
[BlackElo "1721"]
[PlyCount "100"]
[EventDate "2010.??.??"]

1. e4 d5 2. exd5 Qxd5 3. c4 Qa5 4. Nc3 Nf6 5. Nf3 Bf5 6. d4 c6 7. Be2 e6 8. O-O
Bd6 9. c5 Be7 10. a3 Nbd7 11. Bf4 O-O 12. b4 Qd8 13. Bd3 Bxd3 14. Qxd3 Re8 15.
Rfe1 Nh5 16. Be3 Bf8 17. Rad1 b6 18. Ng5 Nhf6 19. h3 a5 20. Nce4 axb4 21. axb4
h6 22. Nxf6+ Nxf6 23. Ne4 Nd5 24. Bd2 Qc7 25. g3 Ra4 26. cxb6 Qxb6 27. Nc5 Bxc5
28. bxc5 Qb2 29. Be3 Nxe3 30. Rxe3 Ra2 31. Rf3 Rea8 32. Qe4 R8a6 33. Re1 Qb7
34. h4 R6a4 35. Rf4 Rd2 36. Qe3 Raa2 37. Rf1 Re2 38. Qf3 Qd7 39. Re4 Red2 40.
Rd1 Rxf2 41. Qd3 Qd5 42. g4 f5 43. gxf5 exf5 44. Re8+ Kf7 45. Qh3 Qg2+ 46. Qxg2
Rxg2+ 47. Kf1 Kxe8 48. d5 Raf2+ 49. Ke1 Rg1+ 50. Kxf2 Rxd1 0-1

[Event "10e Open de Saint-Chély d'Aubrac"]
[Site "Saint-Chély d'Aubrac"]
[Date "2010.07.12"]
[Round "4.21"]
[White "Marie, Olivier"]
[Black "Souttre, Matthieu"]
[Result "1-0"]
[WhiteElo "1710"]
[BlackElo "1550"]
[PlyCount "63"]
[EventDate "2010.??.??"]

1. d4 d5 2. c4 e6 3. Nc3 Nf6 4. Bf4 Bb4 5. Rc1 Nc6 6. e3 Bd7 7. c5 O-O 8. Bd3
b6 9. a3 Bxc3+ 10. Rxc3 Ne7 11. cxb6 cxb6 12. h4 h6 13. Bc7 Qe8 14. Nh3 Bb5 15.
g4 Rc8 16. g5 hxg5 17. hxg5 Nh7 18. Bxh7+ Kxh7 19. Qh5+ Kg8 20. Nf4 f5 21. Qh7+
Kf7 22. Be5 Qd8 23. Bxg7 Rg8 24. Bf6+ (24. Qh5+ Kxg7 (24... Ng6 25. Qxg6+ Ke7
26. Qxe6#) 25. Nxe6#) 24... Kf8 25. Nxe6+ Ke8 26. Nxd8 Rxc3 27. bxc3 (27. Qxe7#
) 27... Kxd8 28. Qxg8+ Kd7 29. Qf7 Kc7 30. Qxe7+ Kc6 31. Rh7 f4 32. Qd7# 1-0

[Event "10e Open de Saint-Chély d'Aubrac"]
[Site "Saint-Chély d'Aubrac"]
[Date "2010.07.12"]
[Round "4.22"]
[White "Meyer, Bernard"]
[Black "Hug, Timothee"]
[Result "0-1"]
[WhiteElo "1490"]
[BlackElo "1691"]
[PlyCount "72"]
[EventDate "2010.??.??"]

1. e4 c5 2. Nf3 Nc6 3. d4 cxd4 4. Nxd4 g6 5. Nc3 Bg7 6. Nf3 Nf6 7. Bb5 O-O 8.
O-O d6 9. Re1 Bg4 10. Be2 a6 11. a3 e6 12. h3 Bxf3 13. Bxf3 Re8 14. Re3 Ne5 15.
Rb1 Qd7 16. b3 Rac8 17. Bb2 d5 18. exd5 Nxf3+ 19. Rxf3 Nxd5 20. Ne2 Qc7 21. c4
Ne7 22. Bxg7 Kxg7 23. Qd4+ e5 24. Qb2 Nf5 25. Rd1 f6 26. Rfd3 Rcd8 27. Qd2 Rxd3
28. Qxd3 Re7 29. Nc3 Qa5 30. a4 Nd4 31. Nd5 Rd7 32. h4 b5 33. axb5 axb5 34. b4
bxc4 35. Qxc4 Qxd5 36. Qd3 Ne2+ 0-1

[Event "10e Open de Saint-Chély d'Aubrac"]
[Site "Saint-Chély d'Aubrac"]
[Date "2010.07.12"]
[Round "4.24"]
[White "Franceschini, Francois-Marie"]
[Black "Rota Graziosi, Fanny"]
[Result "1-0"]
[WhiteElo "1670"]
[BlackElo "1200"]
[PlyCount "59"]
[EventDate "2010.??.??"]

1. e4 e5 2. Nf3 Nc6 3. Bc4 Nf6 4. Ng5 d5 5. exd5 Nxd5 6. Nxf7 Qe7 7. Bxd5 Be6
8. Bxe6 Qxe6 9. Nxh8 O-O-O 10. O-O Bd6 11. Nc3 Rxh8 12. d3 Rg8 13. Ne4 g5 14.
Nxd6+ Qxd6 15. Qg4+ Kb8 16. Be3 Qe7 17. Rae1 h6 18. f4 exf4 19. Bxf4 Qd8 20.
Bg3 Rh8 21. Rf7 Ka8 22. Bxc7 Qg8 23. Ref1 h5 24. Rf8+ Qxf8 25. Rxf8+ Rxf8 26.
Qxg5 Re8 27. Qxh5 Re1+ 28. Kf2 Rc1 29. Qe8+ Nd8 30. Qxd8# 1-0

[Event "10e Open de Saint-Chély d'Aubrac"]
[Site "Saint-Chély d'Aubrac"]
[Date "2010.07.12"]
[Round "4.25"]
[White "Grange, Julien"]
[Black "Joyeux, Gerard"]
[Result "0-1"]
[WhiteElo "1280"]
[BlackElo "1657"]
[PlyCount "40"]
[EventDate "2010.??.??"]

1. e4 e6 2. d4 c5 3. c3 cxd4 4. cxd4 b6 5. Nc3 Bb7 6. Bb5 a6 7. Bd3 Nf6 8. f3
b5 9. a3 Be7 10. Nge2 Nc6 11. b4 d5 12. e5 Nd7 13. Nf4 Nxd4 14. a4 Nxe5 15. Be3
Nxd3+ 16. Nxd3 Nf5 17. Bc5 d4 18. Bxe7 Qxe7 19. Na2 Qh4+ 20. g3 Nxg3 0-1